• 首页
  • 本馆介绍
  • 公告通知
  • 最新文献
  • 馆藏检索
  • 电子资源
  • 读者导购
  • 参考咨询
  • 我的图书馆
  • 登录
  • 详细信息显示
  • 放入我的书架
  • 预约/预借图书
  • 作者相关作品
  • 分类相关作品
  • 丛书相关作品
  • 出版社相关作品

书目信息

  • 表格格式
  • 工作单格式
  • 卡片格式
题名:
当代中国工商管理案例研究
    
 
作者: 成思危 主编
分册: 第二辑  
出版信息: 北京   中国人民大学出版社 : 民主与建设出版社  2003
页数: 115页
开本: 23cm
丛书名:
单 册:
中图分类: F203.9
科图分类:
主题词: 工商行政管理--案例--中国--自学参考资料 , 工商行政管理
电子资源:
ISBN: 7-300-04972-9
000 01070nam0 2200265 450
000 01083nam0 2200265 450
000 01014nam0 2200241 450
000 00978nam0 2200229 45
005 20070725104356.71
010    @a7-300-04972-9@dCNY12.00
100    @a20070626d2003 em y0chiy0120 ea
101 0  @achi
102    @aCN@b110000
105    @ay z 000yy
200 1  @a当代中国工商管理案例研究@ADang Dai Zhong Guo Gong Shang Guan Li An Li Yan Jiu@h第二辑@HDi Er Ji@e教师指导手册@EJiao Shi Zhi Dao Shou Ce@f成思危主编 @FCheng Si Wei Zhu Bian
210    @a北京@c中国人民大学出版社 : 民主与建设出版社@d2003
215    @a115页@d23cm
330    @a本书选录了涉及到战略管理,组织管理、组织行为、人力资源管理,市场营销策略的32个案例,提供教学目的、背景信息、关键要点,相关思考题等。
510 1  @aContemporary Management in China Cases and Illustrations@zeng
606 0  @a工商行政管理@x案例@y中国@j自学参考资料
606 0  @a工商行政管理
690    @aF203.9@v4
701  0 @a成思危@ACheng Si Wei@4主编
801  0 @aCN@bTAOJIN@c20070725
905    @a10447@dF203.9@e73
    
    当代中国工商管理案例研究.第二辑:教师指导手册/成思危主编 .-北京:中国人民大学出版社 : 民主与建设出版社,2003
    115页;23cm
    
    
    ISBN 7-300-04972-9:CNY12.00
    本书选录了涉及到战略管理,组织管理、组织行为、人力资源管理,市场营销策略的32个案例,提供教学目的、背景信息、关键要点,相关思考题等。
●
相关链接 在E读中查询图书 在五车中查询图书 在当当中查询图书 在豆瓣中查询图书


正题名:当代中国工商管理案例研究     索取号:F203.9/73         预约/预借

序号 登录号 条形码 馆藏地/架位号 状态 备注
1 0824801   208248010   第一样本阅览室/ [索取号:F203.9/73] 在馆    
2 0824802   208248029   第一借阅区/ [索取号:F203.9/73] 在馆    
3 0824803   208248038   第一借阅区/ [索取号:F203.9/73] 在馆    
4 0824804   208248047   第一借阅区/ [索取号:F203.9/73] 在馆    
5 0824805   208248056   第一借阅区/ [索取号:F203.9/73] 在馆    
6 0824806   208248065   第一借阅区/ [索取号:F203.9/73] 在馆    
7 0824807   208248074   第一借阅区/ [索取号:F203.9/73] 在馆    
8 0824808   208248083   第一借阅区/ [索取号:F203.9/73] 在馆    
唐山师范学院图书馆 欢迎您!
大连网信软件有限公司© 版权所有